| 000 | 00342nam a2200133Ia 4500 | ||
|---|---|---|---|
| 005 | 20260326100040.0 | ||
| 008 | 260326s9999||||xx |||||||||||||| ||und|| | ||
| 100 | _aVelarde, Héctor | ||
| 245 | 0 |
_aHistoria de la Arquitectura / _cHéctor Velarde |
|
| 260 | _bFondo de Cultura Económica | ||
| 300 | _a219 p. | ||
| 650 | _aHISTORIA | ||
| 942 | _cBK | ||
| 999 |
_c6967 _d6967 |
||